00481nam a22001577a 4500010001700000020002600017035001400043037001300057082001100070100001500081245008500096260004100181270005700222300002700279700001700306 aENG-119570  c895.00a9788189331467 aEN-103102 bDBAD/PUB a005.82 aSaini, K.K aDigital and reversible watermarking techniques /cby K.K.Saini [and] Mehak Saini aChandigarhbEnkay Enterprises c2017 aSCO 49-51, Basement, Sector 17C bChandigarhe160017 a143p.:c23cm(Hb)bill. dSaini, Mehak